000 00474nam a2200181Ia 4500
008 090124s9999 xx 000 0 und d
082 _b125903
100 _aमेहता शशिकला
245 _a झुबेदा
250 _a1
260 _c1993
300 _a294
600 _aमेहता शशिकला
630 _a झुबेदा
700 _aमेहता शशिकला
730 _a झुबेदा
942 _cBOOK
999 _c171993
_d171993